Регионална библиотека "Любен Каравелов" - Русе

Социалистическа организация на труда в промишлеността [Изобразителен материал] (Запис номер 399297)

MARC детайли
000 -Лидер
Контролно поле с фиксирана дължина nkm a22 a 4500
003 - Код на организацията, давaща контролен номер
Контролно поле BLK
005 - Дата и час на последна редакция
Контролно поле 20210226135738.0
008 - Елементи от данни с фиксирана дължина
fixed length control field 210226b bu ||||| |||| 00| 0 bu d
040 ## - Източник на каталожния запис
Идентификатор на билиотеката - собственик на записа BLK
041 ## - Код за език
Код за езика на текст/звукозапис или на отделно заглавие Български
Код за езика КДБФ Български
080 ## - УДК
Текстов определител УДК Организация на труда. Производителност на труда
УДК код - определител по УДК 658.3:331.1
УДК определител (084)
УДК - код + определител 658.3:331.1(084)
100 ## - Редна дума - Автор
R(LIN) 427218
Автор Шопов, Димитър
Авторска отговорност първи автор
139 ## - Редно поле
Редна дума Шопов, Димитър
245 ## - Сведения за заглавието
Заглавие Социалистическа организация на труда в промишлеността [Изобразителен материал]
Редно поле (дума) Димитър Шопов
260 ## - Област на издателските данни
9 (RLIN) 210539
Място на издаване, разпространение и проч. София
Име на издателя, разпространителя и проч. Септември
Година на издаване 1980
Издателство - префикс ISBN 954-406-
300 ## - Физическа характеристика
Страници 26 табла
Илюстрации и др. сх., табл.
Размери/Мащаб 42 см
380 ## - Жанр
Жанр Обществени науки
650 #0 - Допълнително описание по предмет – тема
9 (RLIN) 428224
Основно описание – тема или топоним Прозводителност на труда – промишленост
653 #7 - Ключова дума – ненормативна
9 (RLIN) 192915
Ключова дума организация на труда
852 ## - Местоположение
Форматна сигнатура Цб ІІІ 165
Фондова буква Хранилище
999 ## - СИСТЕМНИ КОНТРОЛНИ НОМЕРА
Koha biblionumber 399297
Koha biblioitemnumber 399297
942 ## - АРТИКУЛИ
Източник на класификационната схема Universal Decimal Classification
Вид на библиотечния материал Графични издания
Скрит в OPAC Не
Периодичен библиозапис Да
944 ## - СЪЗДАВАНЕ И РЕДАКЦИЯ на ЗАПИСА
Създаване/Редакция Създаване
Дата на регистрацията/редакция 2021-02-26
Служител, извършил регистрацията/редакцията ГГГ
Наличности
Код за отписване Код за изгубен артикул Източник на класификационната схема Код за повреда Коз за рестрикции Код за отдаване Артикулен № Име на библиотеката - собственик Име на библиотеката, в която се намира в момента Статус (Текущо местоположение) Дата на вписване в системата Местоположение - отдел Цена в лева Инвентарен номер Систематично азбучна сигнатура Баркод Цена в евро Служебен тип на артикула
  Не е изгубен Universal Decimal Classification Не е повреден само за читалня ползва се в читалня 813797 Регионална библиотека "Любен Каравелов" Русе Регионална библиотека "Любен Каравелов" Русе Хранилище 2021-03-01 Хранилище 8.70 342752 Цб ІІІ 165 120000342752 4.45 Графични издания
Vip Innovations Ltd, Rousse, Bulgaria 2025